[Event "Charity Cup Prelim"]
[Site "chess24.com INT"]
[Date "2022.03.20"]
[Round "6.6"]
[White "Hansen, Eric"]
[Black "Lei, Tingjie"]
[Result "1-0"]
[WhiteElo "2606"]
[BlackElo "2535"]
[PlyCount "101"]
[GameId "2130307577481152"]
[EventDate "2022.03.19"]
[EventType "tourn (rapid)"]
[EventRounds "15"]
[EventCountry "GER"]
[EventCategory "18"]
[SourceTitle "The Week in Chess 1428"]
[Source "Mark Crowther"]
[SourceDate "2022.03.21"]
[SourceVersion "1"]
[SourceVersionDate "2022.03.21"]
[SourceQuality "2"]

1. e4 e5 2. Nf3 Nc6 3. Bb5 a6 4. Ba4 Nf6 5. d3 Bc5 6. Bxc6 dxc6 7. Nc3 Nd7 8. Be3 Bd6 9. O-O O-O 10. Nd2 Qe7 11. Nc4 Re8 12. Qd2 Nf8 13. Nxd6 cxd6 14. f4 exf4 15. Bxf4 Ng6 16. Bg3 Be6 17. Rae1 Rad8 18. Qf2 Qg5 19. a3 h6 20. h3 Rf8 21. Qe3 Qxe3+ 22. Rxe3 Rfe8 23. Rfe1 Ne7 24. b4 Kf8 25. a4 Rd7 26. a5 Nc8 27. Na4 f6 28. c4 Bf7 29. Kf2 Rde7 30. c5 dxc5 31. Nxc5 Rd8 32. Rb1 Na7 33. e5 fxe5 34. Rxe5 Rxe5 35. Bxe5 Nb5 36. Re1 Kg8 37. Re3 Bg6 38. Nxb7 Rxd3 39. Rxd3 Bxd3 40. Nc5 Bc4 41. Nxa6 Nc3 42. Nc5 Nd5 43. a6 Nb6 44. a7 Kf7 45. Bd4 Na8 46. g3 g6 47. Be3 h5 48. Kf3 Bf1 49. h4 Bb5 50. Kf4 Nc7 51. Ke5 1-0

[Event "Charity Cup Prelim"]
[Site "chess24.com INT"]
[Date "2022.03.20"]
[Round "7.4"]
[White "Praggnanandhaa, R."]
[Black "Hansen, Eric"]
[Result "1-0"]
[WhiteElo "2619"]
[BlackElo "2606"]
[PlyCount "103"]
[GameId "2130307577481158"]
[EventDate "2022.03.19"]
[EventType "tourn (rapid)"]
[EventRounds "15"]
[EventCountry "GER"]
[EventCategory "18"]
[SourceTitle "The Week in Chess 1428"]
[Source "Mark Crowther"]
[SourceDate "2022.03.21"]
[SourceVersion "1"]
[SourceVersionDate "2022.03.21"]
[SourceQuality "2"]

1. d4 Nf6 2. c4 e6 3. Nc3 Bb4 4. Nf3 Bxc3+ 5. bxc3 d6 6. Qc2 O-O 7. Bg5 h6 8. Bh4 Nc6 9. e3 e5 10. Be2 Re8 11. h3 Qe7 12. O-O b6 13. Rae1 Bb7 14. Nd2 Nb8 15. f4 Nbd7 16. fxe5 dxe5 17. Bg4 Qd6 18. Bf5 exd4 19. cxd4 g5 20. Bf2 c5 21. d5 b5 22. e4 Ba6 23. Qc3 Ne5 24. Bg3 Nh5 25. Bh2 bxc4 26. h4 Kg7 27. hxg5 hxg5 28. Nf3 f6 29. Bxe5 Rxe5 30. Nxe5 Qxe5 31. Qxe5 fxe5 32. Rf3 Nf4 33. Ra3 Bb5 34. Rb1 a6 35. Bg4 Rh8 36. g3 Nd3 37. Rc3 Rf8 38. Bf5 Rf6 39. a3 Kf8 40. Kg2 Ke7 41. Rh1 Nb2 42. Kf3 Na4 43. Rcc1 c3 44. Kg4 Rf8 45. Rh7+ Kd6 46. Rh6+ Kc7 47. Re6 Rg8 48. Kf3 Bd3 49. d6+ Kd8 50. Re7 g4+ 51. Ke3 Bb5 52. Rb7 1-0

[Event "Charity Cup Prelim"]
[Site "chess24.com INT"]
[Date "2022.03.20"]
[Round "8.5"]
[White "Hansen, Eric"]
[Black "Van Foreest, Jorden"]
[Result "1/2-1/2"]
[WhiteElo "2606"]
[BlackElo "2714"]
[PlyCount "189"]
[GameId "2130307577481166"]
[EventDate "2022.03.19"]
[EventType "tourn (rapid)"]
[EventRounds "15"]
[EventCountry "GER"]
[EventCategory "18"]
[SourceTitle "The Week in Chess 1428"]
[Source "Mark Crowther"]
[SourceDate "2022.03.21"]
[SourceVersion "1"]
[SourceVersionDate "2022.03.21"]
[SourceQuality "2"]

1. e4 c5 2. Nf3 d6 3. Bb5+ Nd7 4. Ba4 Ngf6 5. O-O e6 6. Re1 Be7 7. c4 O-O 8. Nc3 Ne5 9. Nxe5 dxe5 10. d3 Bd7 11. Be3 a6 12. a3 Rb8 13. Bxd7 Qxd7 14. Qe2 Rfd8 15. Red1 b5 16. cxb5 axb5 17. a4 bxa4 18. Rxa4 Rb4 19. Ra2 h6 20. h3 Bf8 21. Qc2 Nh5 22. g3 f5 23. Kg2 f4 24. Bc1 Rd4 25. Qe2 Nf6 26. gxf4 exf4 27. Bxf4 c4 28. Be5 Rxd3 29. Raa1 Qe8 30. Rxd3 cxd3 31. Qf3 Qg6+ 32. Kf1 Qg5 33. Bxf6 gxf6 34. Rd1 d2 35. Qg4 Kf7 36. Ke2 Qa5 37. Rxd2 h5 38. Qf4 Qa6+ 39. Ke1 Qa1+ 40. Ke2 Qa6+ 41. Ke1 Bd6 42. Qh6 Rg8 43. Qxh5+ Ke7 44. Kd1 Rg7 45. Qh8 Kf7 46. e5 fxe5 47. Qh5+ Ke7 48. Kc2 Qc6 49. Qh4+ Kf7 50. Qh5+ Ke7 51. Qh6 Kf7 52. Qh4 Rg2 53. Re2 Qf3 54. Qh7+ Rg7 55. Qd3 Qxd3+ 56. Kxd3 Bc5 57. Ne4 Bd4 58. b4 Kg6 59. Re1 Kf5 60. h4 Rg4 61. h5 Rh4 62. Re2 Kf4 63. b5 Rxh5 64. Nd2 Rh3+ 65. f3 Rh1 66. Rg2 Re1 67. Rg4+ Kf5 68. Re4 Rc1 69. Rg4 Rc3+ 70. Ke2 Rc2 71. Kd1 Rb2 72. Ne4 Rb3 73. Nd6+ Kf6 74. Ne4+ Kf5 75. Nd6+ Kf6 76. Rg8 Ke7 77. Ne4 Rxf3 78. Rg7+ Kd8 79. Ng5 Rf6 80. Ke2 e4 81. Rg8+ Kc7 82. Nxe4 Rf5 83. Kd3 Bb6 84. Rg7+ Kb8 85. Kc4 Rd5 86. Rg8+ Kb7 87. Rg7+ Kb8 88. Nf6 Rc5+ 89. Kb4 Rc7 90. Rg8+ Kb7 91. Re8 Bc5+ 92. Kb3 Kb6 93. Rb8+ Ka7 94. Re8 Kb6 95. Rb8+ 1/2-1/2

[Event "Charity Cup Prelim"]
[Site "chess24.com INT"]
[Date "2022.03.21"]
[Round "9.5"]
[White "Anton Guijarro, David"]
[Black "Hansen, Eric"]
[Result "1/2-1/2"]
[WhiteElo "2694"]
[BlackElo "2606"]
[PlyCount "64"]
[GameId "2130307577481173"]
[EventDate "2022.03.19"]
[EventType "tourn (rapid)"]
[EventRounds "15"]
[EventCountry "GER"]
[EventCategory "18"]
[SourceTitle "The Week in Chess 1428"]
[Source "Mark Crowther"]
[SourceDate "2022.03.21"]
[SourceVersion "1"]
[SourceVersionDate "2022.03.21"]
[SourceQuality "2"]

1. e4 c5 2. Nf3 d6 3. c3 Nf6 4. Be2 Bd7 5. e5 dxe5 6. Nxe5 Nc6 7. Nxd7 Qxd7 8. O-O e6 9. a4 Be7 10. Na3 O-O 11. d3 Rfd8 12. Nc4 Qc7 13. g3 Nd5 14. Qb3 Rd7 15. Re1 Rad8 16. Bf1 Na5 17. Qc2 Bf6 18. Bg2 h6 19. h4 Nc6 20. Qe2 b6 21. Be4 a6 22. Qc2 b5 23. axb5 axb5 24. Ne3 Ne5 25. Nxd5 exd5 26. Bg2 c4 27. dxc4 dxc4 28. Bf4 Qc5 29. Be3 Qc7 30. Bf4 Qc5 31. Be3 Qd6 32. Bf4 Qc5 1/2-1/2

[Event "Charity Cup Prelim"]
[Site "chess24.com INT"]
[Date "2022.03.21"]
[Round "10.4"]
[White "Hansen, Eric"]
[Black "Jones, G."]
[Result "1-0"]
[WhiteElo "2606"]
[BlackElo "2672"]
[PlyCount "103"]
[GameId "2130307577485275"]
[EventDate "2022.03.19"]
[EventType "tourn (rapid)"]
[EventRounds "15"]
[EventCountry "GER"]
[EventCategory "18"]
[SourceTitle "The Week in Chess 1428"]
[Source "Mark Crowther"]
[SourceDate "2022.03.21"]
[SourceVersion "1"]
[SourceVersionDate "2022.03.21"]
[SourceQuality "2"]

1. e4 e5 2. Nf3 Nc6 3. Bb5 a6 4. Ba4 Nf6 5. Nc3 Bc5 6. Bxc6 dxc6 7. d3 Qe7 8. Be3 Bg4 9. h3 Bh5 10. g4 Bg6 11. Bxc5 Qxc5 12. Qe2 Nd7 13. O-O-O O-O-O 14. Qe3 f6 15. Rhg1 b6 16. d4 Qa5 17. a3 Kb7 18. Rd2 exd4 19. Nxd4 Qc5 20. Ne6 Qxe3 21. Nxd8+ Kc8 22. fxe3 Kxd8 23. Rgd1 Be8 24. Ne2 Kc8 25. Nf4 Rf8 26. e5 fxe5 27. Ne6 Rf7 28. Ng5 Re7 29. Nxh7 e4 30. Ng5 Re5 31. h4 Nf6 32. Rg1 Bd7 33. Rdg2 Re8 34. Nh3 Rh8 35. h5 g6 36. Nf4 g5 37. Ng6 Rh6 38. Ne5 Be8 39. Rf1 Nh7 40. Rgf2 Re6 41. Rf5 Re7 42. b3 c5 43. a4 a5 44. Kb2 Kb7 45. Ng6 Rg7 46. Nf8 c4 47. Nxh7 Rxh7 48. Rxg5 cxb3 49. cxb3 Rd7 50. Rf2 Rd3 51. Re5 Bc6 52. h6 1-0

[Event "Charity Cup Prelim"]
[Site "chess24.com INT"]
[Date "2022.03.21"]
[Round "11.6"]
[White "Le, Quang Liem"]
[Black "Hansen, Eric"]
[Result "1-0"]
[WhiteElo "2709"]
[BlackElo "2606"]
[PlyCount "67"]
[GameId "2130307577485283"]
[EventDate "2022.03.19"]
[EventType "tourn (rapid)"]
[EventRounds "15"]
[EventCountry "GER"]
[EventCategory "18"]
[SourceTitle "The Week in Chess 1428"]
[Source "Mark Crowther"]
[SourceDate "2022.03.21"]
[SourceVersion "1"]
[SourceVersionDate "2022.03.21"]
[SourceQuality "2"]

1. Nf3 d5 2. d4 Nf6 3. c4 dxc4 4. e3 e6 5. Bxc4 a6 6. O-O c5 7. b3 Nbd7 8. Bb2 Be7 9. Nbd2 O-O 10. Be2 b6 11. Nc4 Bb7 12. dxc5 Bxc5 13. Rc1 Qe7 14. a3 a5 15. Nd4 Rfd8 16. Bf3 Ne4 17. Qc2 Ndf6 18. Rfd1 Rac8 19. Nb5 h6 20. h3 Bd5 21. a4 Ng5 22. Bxd5 exd5 23. Ne5 Qe6 24. Qe2 Qf5 25. Nd3 Ne6 26. Qf3 Qxf3 27. gxf3 Ne8 28. f4 d4 29. f5 dxe3 30. fxe6 e2 31. exf7+ Kxf7 32. Ne5+ Ke6 33. Re1 Rd2 34. Nc4 1-0

[Event "Charity Cup Prelim"]
[Site "chess24.com INT"]
[Date "2022.03.21"]
[Round "12.3"]
[White "Hansen, Eric"]
[Black "Ju, Wenjun"]
[Result "0-1"]
[WhiteElo "2606"]
[BlackElo "2560"]
[PlyCount "148"]
[GameId "2130307577485287"]
[EventDate "2022.03.19"]
[EventType "tourn (rapid)"]
[EventRounds "15"]
[EventCountry "GER"]
[EventCategory "18"]
[SourceTitle "The Week in Chess 1428"]
[Source "Mark Crowther"]
[SourceDate "2022.03.21"]
[SourceVersion "1"]
[SourceVersionDate "2022.03.21"]
[SourceQuality "2"]

1. e4 e5 2. Nf3 Nc6 3. Bb5 a6 4. Ba4 Nf6 5. d3 Bc5 6. Bxc6 dxc6 7. Nc3 Nd7 8. Be3 Bd6 9. Nd2 Nf8 10. Nc4 Ne6 11. Qd2 O-O 12. O-O b5 13. Nxd6 cxd6 14. f4 exf4 15. Bxf4 d5 16. Rae1 Bb7 17. Bg3 b4 18. Na4 c5 19. exd5 Bxd5 20. b3 Bc6 21. Be5 Bxa4 22. bxa4 Qd5 23. Qf2 f6 24. Ba1 Rae8 25. Re4 Qxa2 26. Qf5 Nd4 27. Bxd4 Rxe4 28. Bxc5 Ree8 29. Bxf8 Rxf8 30. Qc5 Qxa4 31. d4 Rd8 32. Re1 Qb5 33. Ra1 Kf7 34. h3 Qxc5 35. dxc5 Ra8 36. Ra5 Ke6 37. Kf2 Kd5 38. Ke3 Re8+ 39. Kd3 Ra8 40. g4 Ra7 41. Ke3 Kc4 42. c6 Rc7 43. Rxa6 Kb5 44. Ra8 Rxc6 45. Rb8+ Kc4 46. Kd2 Rc7 47. Rd8 Rc5 48. Kc1 h5 49. gxh5 Rxh5 50. Rd3 Rf5 51. Rg3 g5 52. Kb2 Rf4 53. Rd3 f5 54. Rg3 g4 55. hxg4 fxg4 56. Rd3 Rf3 57. Rd8 g3 58. Rg8 Kd4 59. Rg4+ Kc5 60. Ka2 Kb5 61. Kb2 Re3 62. Ka2 Rc3 63. Kb2 Kc5 64. Rh4 Rf3 65. Rg4 Kd5 66. Rxb4 Ke5 67. Rg4 Kf5 68. Rg8 Kf4 69. c3 Rf2+ 70. Kb3 g2 71. Kb4 Kf3 72. Kc5 Rf1 73. c4 g1=Q+ 74. Rxg1 Rxg1 0-1

[Event "Charity Cup Prelim"]
[Site "chess24.com INT"]
[Date "2022.03.22"]
[Round "13.7"]
[White "Vidit, S."]
[Black "Hansen, Eric"]
[Result "0-1"]
[WhiteElo "2723"]
[BlackElo "2606"]
[PlyCount "66"]
[GameId "2130307577485298"]
[EventDate "2022.03.19"]
[EventType "tourn (rapid)"]
[EventRounds "15"]
[EventCountry "GER"]
[EventCategory "18"]
[SourceTitle "The Week in Chess 1429"]
[Source "Mark Crowther"]
[SourceDate "2022.03.28"]
[SourceVersion "1"]
[SourceVersionDate "2022.03.28"]
[SourceQuality "2"]

1. d4 Nf6 2. c4 e6 3. Nc3 Bb4 4. f3 c5 5. d5 exd5 6. cxd5 d6 7. e4 O-O 8. Nge2 Re8 9. Ng3 Nbd7 10. Be2 Ne5 11. O-O a6 12. Be3 Ng6 13. a3 Ba5 14. Rb1 b5 15. b4 Bb6 16. Qd2 h5 17. Nh1 Bd7 18. Nf2 Rc8 19. Kh1 Qc7 20. Rbc1 Qa7 21. Nfd1 Rc7 22. Bf2 h4 23. bxc5 Bxc5 24. Bxc5 Rxc5 25. Na2 Rec8 26. Ndc3 Qc7 27. Rc2 Qa5 28. Qc1 Nh5 29. Rd1 Ngf4 30. Bf1 Qd8 31. Nb4 Qf6 32. Nb1 Rxc2 33. Nxc2 Ng3+ 0-1

[Event "Charity Cup Prelim"]
[Site "chess24.com INT"]
[Date "2022.03.22"]
[Round "14.2"]
[White "Hansen, Eric"]
[Black "Duda, Jan Krzysztof"]
[Result "0-1"]
[WhiteElo "2606"]
[BlackElo "2750"]
[PlyCount "106"]
[GameId "2130307577485301"]
[EventDate "2022.03.19"]
[EventType "tourn (rapid)"]
[EventRounds "15"]
[EventCountry "GER"]
[EventCategory "18"]
[SourceTitle "The Week in Chess 1429"]
[Source "Mark Crowther"]
[SourceDate "2022.03.28"]
[SourceVersion "1"]
[SourceVersionDate "2022.03.28"]
[SourceQuality "2"]

1. e4 c5 2. Nf3 d6 3. Bb5+ Bd7 4. Bxd7+ Qxd7 5. c4 Nf6 6. Nc3 g6 7. d4 cxd4 8. Nxd4 Bg7 9. h3 O-O 10. Be3 Rc8 11. Qd3 Nc6 12. b3 a6 13. Nxc6 Qxc6 14. Rc1 b5 15. cxb5 axb5 16. O-O Qd7 17. Bd4 Rcb8 18. Rc2 Rb7 19. Rfc1 e6 20. Qf3 Ne8 21. Bxg7 Kxg7 22. Qd3 Nf6 23. Ne2 b4 24. Nd4 Rba7 25. Nb5 Rxa2 26. Rc7 Ra1 27. Rxd7 Rxc1+ 28. Kh2 Nxd7 29. Qxd6 Nf6 30. Qd4 h6 31. Nd6 g5 32. Qxb4 Nh5 33. Qb7 Rf8 34. g3 Nf6 35. Kg2 Rd1 36. Qc7 Rd4 37. Qc5 Rd3 38. b4 Rd8 39. e5 Nd5 40. Qa7 Rf8 41. b5 Rb3 42. Qd4 Ra8 43. Qd1 Raa3 44. Qh5 Ra7 45. h4 gxh4 46. Qg4+ Kh7 47. Qe4+ Kg7 48. Qg4+ Kh7 49. Qxh4 Rb4 50. Qh5 Rf4 51. Qe2 Rb4 52. Qc2+ Kg8 53. Qc5 Rc7 0-1

[Event "Charity Cup Prelim"]
[Site "chess24.com INT"]
[Date "2022.03.22"]
[Round "15.8"]
[White "Harikrishna, P."]
[Black "Hansen, Eric"]
[Result "1/2-1/2"]
[WhiteElo "2716"]
[BlackElo "2606"]
[PlyCount "87"]
[GameId "2130307577485314"]
[EventDate "2022.03.19"]
[EventType "tourn (rapid)"]
[EventRounds "15"]
[EventCountry "GER"]
[EventCategory "18"]
[SourceTitle "The Week in Chess 1429"]
[Source "Mark Crowther"]
[SourceDate "2022.03.28"]
[SourceVersion "1"]
[SourceVersionDate "2022.03.28"]
[SourceQuality "2"]

1. c4 e5 2. Nc3 Nf6 3. e3 d5 4. cxd5 Nxd5 5. Nf3 Nxc3 6. bxc3 Bd6 7. d4 Nd7 8. Bd3 O-O 9. Qc2 h6 10. O-O b6 11. Bh7+ Kh8 12. Be4 Rb8 13. c4 exd4 14. exd4 Nf6 15. Bc6 Bd7 16. Bxd7 Qxd7 17. Bb2 Rfe8 18. Ne5 Bxe5 19. dxe5 Nh7 20. f4 Rbd8 21. Rad1 Qc6 22. h3 Kg8 23. Kh2 b5 24. c5 Rd5 25. Rxd5 Qxd5 26. Rd1 Qxa2 27. Ra1 Qd5 28. Rxa7 Nf8 29. f5 Nd7 30. e6 fxe6 31. Rxc7 exf5 32. Qf2 Rf8 33. Qg3 Rf7 34. c6 Nf6 35. Rc8+ Kh7 36. Bxf6 Rxf6 37. c7 Rc6 38. Rb8 Qd7 39. Rb7 Rg6 40. Qf3 Rc6 41. Qf4 Qc8 42. Rxb5 Qxc7 43. Qxc7 Rxc7 44. Rxf5 1/2-1/2

[Event "Airthings Masters KO"]
[Site "chess24.com INT"]
[Date "2022.02.23"]
[Round "1.11"]
[White "Esipenko, Andrey"]
[Black "Hansen, Eric"]
[Result "1/2-1/2"]
[WhiteElo "2714"]
[BlackElo "2606"]
[PlyCount "114"]
[GameId "2130307578277845"]
[EventDate "2022.02.23"]
[EventType "k.o. (rapid)"]
[EventRounds "3"]
[EventCountry "GER"]
[SourceTitle "The Week in Chess 1425"]
[Source "Mark Crowther"]
[SourceDate "2022.02.28"]
[SourceVersion "1"]
[SourceVersionDate "2022.02.28"]
[SourceQuality "2"]

1. e4 e5 2. Nf3 Nc6 3. Bb5 a6 4. Ba4 Nf6 5. O-O Be7 6. Re1 b5 7. Bb3 d6 8. c3 O-O 9. h3 Na5 10. Bc2 c5 11. d4 Nd7 12. d5 Nb6 13. Nbd2 Nb7 14. c4 bxc4 15. Qe2 Bd7 16. Nxc4 Nxc4 17. Qxc4 Qb6 18. Bd2 Rfb8 19. Rab1 Bb5 20. Qc3 Rc8 21. Be3 Qa5 22. Qxa5 Nxa5 23. b3 Bd8 24. Rec1 g6 25. Nd2 Kg7 26. a4 Bd7 27. Nc4 Nxc4 28. bxc4 Rcb8 29. Bd2 h6 30. Re1 Bc7 31. f4 f6 32. Rf1 a5 33. Rxb8 Rxb8 34. Bc3 exf4 35. Rxf4 Bd8 36. Kf1 Bc8 37. Ke2 Rb7 38. Rf1 Bd7 39. g4 g5 40. Kf3 Be8 41. h4 Bg6 42. hxg5 hxg5 43. Rh1 Rb8 44. Ke3 Bc7 45. Kd2 Rb7 46. Bd3 Rb8 47. Rf1 Bd8 48. Bc2 Rb7 49. Rf3 Ra7 50. Rf2 Rb7 51. Rf1 Rb8 52. Rh1 Rb7 53. Rh2 Ra7 54. Ke3 Rb7 55. Ke2 Ra7 56. Rh1 Rb7 57. Kd2 Rb8 1/2-1/2

[Event "Airthings Masters KO"]
[Site "chess24.com INT"]
[Date "2022.02.23"]
[Round "1.12"]
[White "Hansen, Eric"]
[Black "Esipenko, Andrey"]
[Result "1/2-1/2"]
[WhiteElo "2606"]
[BlackElo "2714"]
[PlyCount "94"]
[GameId "2130307578277847"]
[EventDate "2022.02.23"]
[EventType "k.o. (rapid)"]
[EventRounds "3"]
[EventCountry "GER"]
[SourceTitle "The Week in Chess 1425"]
[Source "Mark Crowther"]
[SourceDate "2022.02.28"]
[SourceVersion "1"]
[SourceVersionDate "2022.02.28"]
[SourceQuality "2"]

1. e4 e5 2. Nf3 Nc6 3. Bc4 Nf6 4. d3 Bc5 5. c3 d6 6. O-O h6 7. a4 a5 8. Re1 O-O 9. h3 Ba7 10. Nbd2 Ne7 11. Nf1 Ng6 12. Ng3 c6 13. Bb3 d5 14. exd5 Nxd5 15. d4 exd4 16. Nxd4 Bb8 17. Ndf5 Be5 18. Bxd5 cxd5 19. Qh5 Re8 20. Be3 Bd7 21. Bd4 Bxd4 22. Rxe8+ Qxe8 23. Nxd4 Nf4 24. Qf3 Qe5 25. Nge2 Nxe2+ 26. Qxe2 Qxe2 27. Nxe2 Rc8 28. b3 Kf8 29. Rd1 Rc5 30. f3 Ke7 31. Kf2 b5 32. axb5 Bxb5 33. Nd4 Bd7 34. Rc1 a4 35. bxa4 Bxa4 36. Ra1 Bd7 37. Ra3 Kf6 38. h4 g5 39. hxg5+ hxg5 40. Ke3 Rc8 41. Ra6+ Be6 42. Nc6 Rh8 43. g4 Rh3 44. Nd4 Ke5 45. Nc6+ Kf6 46. Nd4 Ke5 47. Nc6+ Kf6 1/2-1/2

[Event "Airthings Masters KO"]
[Site "chess24.com INT"]
[Date "2022.02.23"]
[Round "1.13"]
[White "Esipenko, Andrey"]
[Black "Hansen, Eric"]
[Result "1-0"]
[WhiteElo "2714"]
[BlackElo "2606"]
[PlyCount "95"]
[GameId "2130307578277851"]
[EventDate "2022.02.23"]
[EventType "k.o. (rapid)"]
[EventRounds "3"]
[EventCountry "GER"]
[SourceTitle "The Week in Chess 1425"]
[Source "Mark Crowther"]
[SourceDate "2022.02.28"]
[SourceVersion "1"]
[SourceVersionDate "2022.02.28"]
[SourceQuality "2"]

1. e4 e5 2. Nf3 Nc6 3. Bb5 Nf6 4. d3 Bc5 5. Bxc6 dxc6 6. O-O Nd7 7. c3 O-O 8. d4 Bd6 9. Bg5 f6 10. Bh4 Qe8 11. Nbd2 b5 12. a4 Kh8 13. Re1 a5 14. Bg3 Nb6 15. b3 bxa4 16. bxa4 c5 17. dxe5 fxe5 18. c4 Nd7 19. Nf1 Nb8 20. Qd5 Ra7 21. Bxe5 Bb7 22. Bxd6 Bxd5 23. Bxf8 Qxf8 24. cxd5 c6 25. Ne3 h6 26. Ne5 Kh7 27. N3c4 cxd5 28. exd5 Nd7 29. Nxd7 Rxd7 30. d6 Qf4 31. Rac1 Rb7 32. g3 Qf5 33. Red1 h5 34. h4 Ra7 35. Ne3 Qd7 36. Rxc5 Qxa4 37. Rxh5+ Kg8 38. Rhd5 Rd7 39. R5d4 Qb5 40. Nd5 Kh7 41. Nc7 Qb3 42. Rd5 a4 43. Ne6 Qb8 44. Nc5 Rd8 45. Nxa4 Qa7 46. Nc5 Qf7 47. d7 Rf8 48. R1d2 1-0

[Event "Airthings Masters KO"]
[Site "chess24.com INT"]
[Date "2022.02.23"]
[Round "1.14"]
[White "Hansen, Eric"]
[Black "Esipenko, Andrey"]
[Result "0-1"]
[WhiteElo "2606"]
[BlackElo "2714"]
[PlyCount "116"]
[GameId "2130307578277853"]
[EventDate "2022.02.23"]
[EventType "k.o. (rapid)"]
[EventRounds "3"]
[EventCountry "GER"]
[SourceTitle "The Week in Chess 1425"]
[Source "Mark Crowther"]
[SourceDate "2022.02.28"]
[SourceVersion "1"]
[SourceVersionDate "2022.02.28"]
[SourceQuality "2"]

1. e4 e5 2. Nf3 Nc6 3. Bb5 a6 4. Ba4 Nf6 5. O-O Be7 6. Re1 b5 7. Bb3 O-O 8. h3 Bb7 9. d3 Na5 10. Nxe5 Nxb3 11. axb3 d5 12. exd5 Qxd5 13. Nf3 Rfe8 14. Be3 Bb4 15. c3 Bf8 16. d4 Ne4 17. Qc2 Qh5 18. c4 Bb4 19. Nc3 Nd6 20. Nd2 Nf5 21. d5 c6 22. g4 Nxe3 23. Rxe3 Qh6 24. Nde4 Bxc3 25. Qxc3 cxd5 26. Nc5 Qc6 27. Nxb7 Qxb7 28. c5 b4 29. Qd4 Rxe3 30. Qxe3 h6 31. Re1 Qc6 32. Qd4 Rc8 33. Rc1 a5 34. Kg2 Re8 35. Rd1 Rd8 36. Ra1 Ra8 37. h4 Re8 38. Rd1 Rd8 39. h5 Qe6 40. Rd3 Qc6 41. Rd1 Qe6 42. Ra1 Ra8 43. Rc1 Rc8 44. Ra1 Ra8 45. Kg3 Qc6 46. Rd1 Rd8 47. Rc1 Re8 48. Qf4 Rd8 49. Qd4 Re8 50. Rd1 Rd8 51. f4 Qe6 52. Qe5 Qc6 53. Qd4 Qe6 54. Qe5 Qc6 55. Qe7 Rc8 56. Rc1 d4 57. Rc4 Re8 58. Qd6 Re3+ 0-1

[Event "Airthings Masters Prelim"]
[Site "chess24.com INT"]
[Date "2022.02.19"]
[Round "1.7"]
[White "Niemann, Hans Moke"]
[Black "Hansen, Eric"]
[Result "0-1"]
[WhiteElo "2642"]
[BlackElo "2606"]
[PlyCount "116"]
[GameId "2130307578386149"]
[EventDate "2022.02.19"]
[EventType "tourn (rapid)"]
[EventRounds "15"]
[EventCountry "GER"]
[EventCategory "19"]
[SourceTitle "The Week in Chess 1424"]
[Source "Mark Crowther"]
[SourceDate "2022.02.21"]
[SourceVersion "1"]
[SourceVersionDate "2022.02.21"]
[SourceQuality "2"]

1. c4 Nf6 2. Nf3 g6 3. Nc3 d5 4. cxd5 Nxd5 5. h4 h6 6. e4 Nxc3 7. bxc3 Bg7 8. Bc4 c5 9. Qb3 O-O 10. Ba3 Qc7 11. Be2 b6 12. d4 Nc6 13. d5 Na5 14. Qc2 e6 15. O-O exd5 16. exd5 Bf5 17. Qd2 Rfe8 18. Rfe1 Re4 19. Bd3 Ra4 20. Bxf5 Nc4 21. Qd3 gxf5 22. Bc1 Qd7 23. Bf4 Rd8 24. g3 Nb2 25. Qd2 Nc4 26. Qc2 Ra3 27. Rad1 Bxc3 28. Re2 Qa4 29. Qxa4 Rxa4 30. d6 Nb2 31. Rd5 Re4 32. Rxe4 fxe4 33. d7 exf3 34. Bc7 Rxd7 35. Rxd7 Bd4 36. Bf4 Nd1 37. Kf1 a5 38. Bxh6 b5 39. Be3 Bxe3 40. Rd8+ Kg7 41. fxe3 Nc3 42. Ra8 a4 43. Ra5 f5 44. Kf2 b4 45. Kxf3 b3 46. axb3 axb3 47. Ra7+ Kf6 48. Rb7 c4 49. Rb6+ Kf7 50. h5 Kg7 51. Kf2 b2 52. Rxb2 Nd1+ 53. Ke2 Nxb2 54. Kd2 Nd3 55. Kc3 Ne5 56. Kd4 Kh6 57. e4 fxe4 58. g4 Nxg4 0-1

[Event "Airthings Masters Prelim"]
[Site "chess24.com INT"]
[Date "2022.02.19"]
[Round "2.2"]
[White "Hansen, Eric"]
[Black "Praggnanandhaa, R."]
[Result "1-0"]
[WhiteElo "2606"]
[BlackElo "2612"]
[PlyCount "93"]
[GameId "2130307578386152"]
[EventDate "2022.02.19"]
[EventType "tourn (rapid)"]
[EventRounds "15"]
[EventCountry "GER"]
[EventCategory "19"]
[SourceTitle "The Week in Chess 1424"]
[Source "Mark Crowther"]
[SourceDate "2022.02.21"]
[SourceVersion "1"]
[SourceVersionDate "2022.02.21"]
[SourceQuality "2"]

1. e4 e5 2. Nf3 Nc6 3. Bb5 a6 4. Ba4 Nf6 5. O-O b5 6. Bb3 Bc5 7. a4 Rb8 8. c3 d6 9. d4 Bb6 10. a5 Ba7 11. h3 Bb7 12. Re1 O-O 13. Be3 exd4 14. cxd4 Nb4 15. Nc3 Bxe4 16. Nxe4 Nxe4 17. Bf4 d5 18. Rc1 Rc8 19. Ne5 c5 20. dxc5 Nxc5 21. Rc3 Qh4 22. Bg3 Qg5 23. h4 Qd8 24. Qg4 Nxb3 25. Nxf7 h5 26. Qh3 Rxc3 27. Nxd8 Bxf2+ 28. Kh1 Rxg3 29. Qe6+ Kh8 30. Re5 g6 31. Nf7+ Kg7 32. Ng5 Rxg5 33. Rxg5 Rf6 34. Qe7+ Rf7 35. Qxb4 Nd4 36. Qd6 Rf6 37. Qe7+ Rf7 38. Qe5+ Rf6 39. Qe7+ Rf7 40. Qd6 Rf6 41. Qd7+ Kh6 42. Qd8 Kg7 43. Rxd5 Bxh4 44. Qd7+ Rf7 45. Rxd4 Rxd7 46. Rxd7+ Kh6 47. Rd6 1-0

[Event "Airthings Masters Prelim"]
[Site "chess24.com INT"]
[Date "2022.02.19"]
[Round "3.8"]
[White "Le, Quang Liem"]
[Black "Hansen, Eric"]
[Result "1-0"]
[WhiteElo "2709"]
[BlackElo "2606"]
[PlyCount "75"]
[GameId "2130307578386163"]
[EventDate "2022.02.19"]
[EventType "tourn (rapid)"]
[EventRounds "15"]
[EventCountry "GER"]
[EventCategory "19"]
[SourceTitle "The Week in Chess 1424"]
[Source "Mark Crowther"]
[SourceDate "2022.02.21"]
[SourceVersion "1"]
[SourceVersionDate "2022.02.21"]
[SourceQuality "2"]

1. Nf3 Nf6 2. c4 g6 3. Nc3 d5 4. cxd5 Nxd5 5. h4 h6 6. d4 Bg7 7. e4 Nxc3 8. bxc3 c5 9. Be2 O-O 10. O-O Bg4 11. Rb1 b6 12. Be3 e6 13. dxc5 Nd7 14. cxb6 axb6 15. Qc2 Bxf3 16. Bxf3 Qxh4 17. Rfd1 Ne5 18. Be2 Rfc8 19. c4 Ra3 20. Rb3 Ra4 21. Rxb6 Rca8 22. g3 Qh3 23. Rb8+ Rxb8 24. Qxa4 Rb2 25. Rd8+ Kh7 26. Qd1 Rxa2 27. Bd4 h5 28. c5 Ng4 29. Bxg4 Qxg4 30. Qxg4 hxg4 31. e5 g5 32. c6 Rc2 33. Rc8 Kg6 34. c7 Kh7 35. Bb6 Bxe5 36. Rf8 Bxc7 37. Rxf7+ Kg6 38. Rxc7 1-0